000 00630nam a22001937a 4500
005 20251108172703.0
008 250721s2002 xx 000 0 ara d
082 1 4 _a152.41/شاي
100 1 _aالشايب، كايد
_eمؤلف
245 1 0 _aسيكولوجية الحب والحرمان /
264 1 _aعمان :
_bدار فضاءات،
_c2002.
300 _a91ص
490 0 _aنحو موسوعة علمية عربية في الثقافة الجنسية والنفسية ؛3
650 1 7 _aسيكولوجية الجنس
650 1 7 _aالزواج
650 1 7 _aالمراهقون
942 _2ddc
_cBK
999 _c85945
_d85945